000 00484nam a2200157 i 4500
001 58832
003 ES-MaACL
005 20230906163910.0
007 t|
008 031024s1919 sp ||||1| spa d
100 1 _aEleizalde, Luis de.
_946919
245 1 3 _aLa lucha por el idioma propio /
_cLuis de Eleizalde ; conferencias organizadas por la Junta de Cultura Vasca.
260 _aBilbao :
_b[s.n.,
_c1919]
710 2 _aJunta de Cultura Vasca.
_95387
852 _aES-MaACL
_j1574-F-17
999 _c58832
_d58832